The pied piper of Hamelin / (Record no. 6618)

MARC details
000 -LEADER
fixed length control field 00825nam a22002657a 4500
001 - CONTROL NUMBER
control field 6618
003 - CONTROL NUMBER IDENTIFIER
control field FISKH
005 - DATE AND TIME OF LATEST TRANSACTION
control field 20250513123945.0
008 - FIXED-LENGTH DATA ELEMENTS--GENERAL INFORMATION
fixed length control field 250513b cb ||||| |||| 00| 0 eng d
020 ## - INTERNATIONAL STANDARD BOOK NUMBER
International Standard Book Number 9788956353234
040 ## - CATALOGING SOURCE
Original cataloging agency FISKH
Language of cataloging eng
Transcribing agency FISKH
Modifying agency FISKH
050 ## - LIBRARY OF CONGRESS CALL NUMBER
Classification number PZ8.B82 P2
082 ## - DEWEY DECIMAL CLASSIFICATION NUMBER
Classification number 821.8
100 ## - MAIN ENTRY--PERSONAL NAME
Personal name Browning, Robert
245 ## - TITLE STATEMENT
Title The pied piper of Hamelin /
Statement of responsibility, etc. Brothers Grimm
260 ## - PUBLICATION, DISTRIBUTION, ETC.
Place of publication, distribution, etc. Songpa-gu :
Name of publisher, distributor, etc. e-Future,
Date of publication, distribution, etc. 2009.
300 ## - PHYSICAL DESCRIPTION
Extent 18 pages :
Other physical details color illustrations ;
Dimensions 21 cm
505 ## - FORMATTED CONTENTS NOTE
Formatted contents note K<br/>
520 ## - SUMMARY, ETC.
Summary, etc. The Pied Piper pipes the village free of rats, and when the villagers refuse to pay him for the service he exacts a terrible revenge.
521 8# - TARGET AUDIENCE NOTE
Target audience note 510<br/>
Source Lexile estimate<br/>
521 8# - TARGET AUDIENCE NOTE
Target audience note K<br/>
Source Raz-Plus<br/>
650 ## - SUBJECT ADDED ENTRY--TOPICAL TERM
Topical term or geographic name entry element British literature
Form subdivision Poetry
942 ## - ADDED ENTRY ELEMENTS (KOHA)
Source of classification or shelving scheme Dewey Decimal Classification
Koha item type Books
Suppress in OPAC No
Holdings
Withdrawn status Lost status Source of classification or shelving scheme Damaged status Not for loan Collection Home library Current library Shelving location Date acquired Total Checkouts Full call number Barcode Date last seen Copy number Price effective from Koha item type
    Dewey Decimal Classification     Juvenile Fiction Footprints International School Library Network Toul Kork Campus Footprints International School Library Network Toul Kork Campus TK Primary Library Room(4th Floor), Bookcase 3&4, Shelves 17-32, Yellow Books 05/13/2025   GRI 821.8 PZ8.B82 P2 FISBK02542 05/13/2025 1 05/13/2025 Books